VietNam socio-economy the period 1996 - 1998 and forecast for the year 2000

The book comprises the following parts: Over views on Vietnamese socio-economy; Agriculture, forestry and fishery production; Industry production; Export and import activities; Foreign direct investment; Some social problems; Currency crisis in Southeast Asia and experience lessons for Vietnam; Stat...

Description complète

Enregistré dans:
Détails bibliographiques
Auteur principal: Lê Mạnh Hùng...[et al.]
Format: Livre
Langue:Undetermined
Publié: Hà Nội Thống Kê 1999
Sujets:
Tags: Ajouter un tag
Pas de tags, Soyez le premier à ajouter un tag!
Thư viện lưu trữ: Trung tâm Học liệu Trường Đại học Cần Thơ
LEADER 01007nam a2200205Ia 4500
001 CTU_34225
008 210402s9999 xx 000 0 und d
020 |b 150.000đ 
082 |a 330.9597 
082 |b V308 
100 |a Lê Mạnh Hùng...[et al.] 
245 0 |a VietNam socio-economy the period 1996 - 1998 and forecast for the year 2000 
245 0 |c Lê Mạnh Hùng...[et al.] 
260 |a Hà Nội 
260 |b Thống Kê 
260 |c 1999 
520 |a The book comprises the following parts: Over views on Vietnamese socio-economy; Agriculture, forestry and fishery production; Industry production; Export and import activities; Foreign direct investment; Some social problems; Currency crisis in Southeast Asia and experience lessons for Vietnam; Statistical data on Vietnam socio-economy, 1990 - 1998 
650 |a vietnam - economic conditions,vietnam - socioeconomic aspects - statistics 
904 |i Minh 991129 
980 |a Trung tâm Học liệu Trường Đại học Cần Thơ